Escudos de fútbol españoles - Estadísticas

Estadísticas generales
  • Esta prueba ha sido intentada 30 veces
  • La puntuación promedio es 161 de 318
Estadísticas de respuestas
Imagen Respuesta % Correcto
Athletic Club
100%
Atlético de Madrid
100%
Cadiz CF
100%
CD Leganés
100%
Deportivo Alavés
100%
Elche CF
100%
FC Barcelona
100%
Getafe CF
100%
Levante UD
100%
Málaga CF
100%
Rayo Vallecano
100%
RC Celta de Vigo
100%
RCD Espanyol
100%
Real Betis
100%
Real Madrid
100%
Real Sociedad
100%
SD Eibar
100%
SD Huesca
100%
Sevilla FC
100%
UD Almeria
100%
Valencia CF
100%
Burgos CF
96%
CA Osasuna
96%
CD Castellón
96%
Deportivo de La Coruña
96%
Girona FC
96%
Granada CF
96%
RCD Mallorca
96%
Real Oviedo
96%
Real Racing club de Santander
96%
UD Las Palmas
96%
CyD Leonesa
92%
Villarreal CF
92%
CD Eldense
88%
CD Lugo
88%
FC Cartagena
88%
Real Murcia
88%
Real Valladolid
88%
Real Zaragoza
88%
SD Tarazona
88%
Zamora CF
88%
Albacete Balompié
84%
Antequera CF
84%
Barakaldo CF
84%
CD Arenteiro
84%
CD Tenerife
84%
Mérida AD
84%
Ourense CF
84%
Racing Club Ferrol
84%
SD Ibiza
84%
UD Ibiza
84%
Algeciras CF
80%
Cordoba CF
80%
Real Sporting de Gijón
80%
UE Sant Andreu
80%
Unionistas de Salamanca
80%
Yeclano Deportivo
80%
Bergantiños FC
76%
CD Alcoyano
76%
CD Atlético Baleares
76%
CD Estepona
76%
CD Mirandes
76%
CD Naval Reinosa
76%
CD Numancia de Soria
76%
CE Sabadell
76%
CF Fuenlabrada
76%
CF Rayo Majadahonda
76%
CF Talavera de la Reina
76%
FC Andorra
76%
Intercity CF
76%
Juventud Torremolinos CF
76%
Marbella FC
76%
Pontevedra CF
76%
Real Ávila CF
76%
Salamanca CF UDS
76%
SD Compostela
76%
Torrent CF
76%
UD Logroñés
76%
CD Alfaro
72%
CDA Navalcarnero
72%
CD Huétor Vega
72%
CD Laredo
72%
Coruxo FC
72%
CP Cacereño
72%
Gernika Club
72%
RSG Torrelavega
72%
SD Ejea
72%
UD Llanera
72%
CD Anguiano
68%
CD Guijuelo
68%
CD Subiza
68%
FC La Unión Atlético
68%
Lleida CF
68%
UCAM Murcia
68%
UM Escobedo
68%
Utebo FC
68%
Águilas CF
64%
CD Andraitx
64%
CD Coria
64%
CD Izarra
64%
CF Badalona
64%
Coria CF
64%
Gimnástic de Tarragona
64%
Recreativo de huelva
64%
SD Ponferradina
64%
UD Alzira
64%
UE Cornellá
64%
UE Olot
64%
Xerez CD
64%
AD Ceuta
60%
Arenas de Getxo
60%
Arosa SC
60%
CD Atlético Paso
60%
CD Móstoles URJC
60%
CE Europa
60%
Linares Deportivo
60%
Orihuela CF
60%
RB Linense
60%
Real Avilés
60%
Real Unión Club de Irún
60%
SD Amorebieta
60%
Sevilla Atlético
60%
UD San Sebastian de los Reyes
60%
AD Alcorcon
56%
CD Don Benito
56%
CD Praviano
56%
Deportiva Minera
56%
Xerez DFC
56%
Betanzos FC
52%
CD Boiro
52%
CD Estradense
52%
CD Utiel
52%
CF Badalona Futur
52%
Covadonga CD
52%
L'Entregu CF
52%
Real Titánico
52%
Silva SD
52%
UD Barbadás
52%
Villalonga FC
52%
AD Torrejón CF
48%
Atlético Club Arteixo
48%
Atlético Saguntino
48%
Avilés Stadium CF
48%
Castro FC
48%
CD Cayón
48%
CD Soneja
48%
CF Benidorm
48%
CF Vimenor
48%
Ontinyent 1931 CF
48%
Palencia CF
48%
SD Torina
48%
UD Sámano
48%
AD Parla
44%
AD Siete Villas
44%
AE Prat
44%
Aravaca CF
44%
Atlético Astorga FC
44%
Atzeneta UE
44%
CD Atlético Mineros
44%
CD Canillas
44%
CD Colindres
44%
CD El Álamo
44%
CD Guadalajara
44%
CD Laguna
44%
CD Las Rozas
44%
CD Revilla
44%
CD Roda
44%
Ceares UC
44%
CE Atlétic Lleida
44%
CF Montañesa
44%
Crevillente Deportivo
44%
Deportivo Roces
44%
FC Jove Español
44%
México FC
44%
Noia CF
44%
Patacona CF
44%
RCD Carabanchel
44%
Reus FCR
44%
SCD Durango
44%
SD Barreda Balompié
44%
SD Deusto
44%
SD Logroñés
44%
Torrellano Athletic CF
44%
Touring KE
44%
Tres Cantos CDF
44%
UD Castellonense
44%
UD Melilla
44%
UD Ourense
44%
UD Poblense
44%
UD Rayo Ibense
44%
UE Vilassar de Mar
44%
Unión Sur Yaiza
44%
Urduliz FT
44%
CD Atlético Mansillés
40%
CD Binissalem
40%
CD El Palo
40%
CD Huétor Tájar
40%
CD Manacor
40%
CD San Fernando
40%
CD Torreperogil
40%
CD Tropezón
40%
CF Briviesca
40%
CF La Nucía
40%
CP Ejido
40%
CP San Cristobal
40%
La Plama CF
40%
Pasaia KE
40%
Real Jaén CF
40%
SD Formentera
40%
SD Sarriana
40%
UD Santa Marta
40%
UD Torre del Mar
40%
UD Vall de Uxó
40%
UE Porreres
40%
UE Tona
40%
AD Cartaya
36%
Atlético Onubense
36%
Atlético Porcuna CF
36%
CD Becerril
36%
CD Bezana
36%
CD Ciudad de Lucena
36%
CD Constancia
36%
CD Mojados
36%
CD Teruel
36%
CD Tuilla
36%
CE L'Hospitalet
36%
CE Santanyi
36%
CF Arenas de Armilla
36%
CFJ Mollerussa
36%
CF Peralada
36%
CF Platges de Calvia
36%
Conil CF
36%
CP Mijas Las Lagunas
36%
FC Málaga City
36%
Gimnástica Segoviana
36%
Motril CF
36%
Penya Independent SE
36%
Salerm Puente Genil
36%
SD Almazán
36%
SD Atlético la Albericia
36%
SD Beasain KE
36%
SD Lenense
36%
UD Ciudad de Torredonjimeno
36%
CD Llosetense
32%
CD Monte
32%
CD Palencia Cristo Atlético
32%
CD Pozoblanco
32%
FC Marbellí
32%
SD Leioa
32%
UE Alcudia
32%
Viveiro CF
32%
Arandina CF
28%
Bollullos CF
28%
CD Atlético Tordesillas
28%
CD Ilicitano
28%
CD La Virgen del Camino
28%
CD Tudelano
28%
CP Almeria
28%
Sestao River
28%
Terrassa FC
28%
UD Barbastro
28%
Unión Adarve AD
28%
Villaverde San Andrés
28%
Atlético Sanluqueño
24%
CD Colonia Moscardó
24%
CD Lealtad
24%
RSD Alcalá
24%
UB Conquense
24%
CF Villanovense
20%
Club Marino de Luanco
20%
Club Portugalete
20%
UD Somozas
20%
UP Langreo
20%
Atlético Antoniano
16%
Cádiz Mirandilla
16%
Caudal Deportivo
16%
CD Baskonia
16%
CD Calahorra
16%
CD Illescas
16%
CF Trival Valderas
16%
Ciudad Rodrigo CF
16%
Peña Deportiva de Santa Eulalia
16%
CD Galapagar
12%
CD Lagun Onak
12%
CE Manresa
12%
CF Internacional Sevilla
12%
AC Bembibre
8%
Atlético Mancha Real
8%
CA Central
8%
CD Barquereño
8%
CD Utrera
8%
CD Villaralbo
8%
CU Collado Villalba
8%
EI San Martín
8%
FE Grama
8%
RC Villalbés
8%
UD Tomares
8%
AD Cala Pozuelo
4%
Alondras CF
4%
CA Espeleño
4%
CD Colunga
4%
CD Derio
4%
CD Guarnizo
4%
CD Mosconia
4%
CD Padura
4%
CD San Ignacio
4%
CD San Roque de Lepe
4%
CD Santurtzi
4%
CD San Viator
4%
CD Valladares
4%
Cerdanyola FC
4%
Condal Club
4%
FC L'Escala
4%
Gran Peña FC
4%
Martos CD
4%
SD Gama
4%
UD Aretxabaleta
4%
Urraca CF
4%
No se encontraron pruebas coincidentes
Distribución de puntuación
Porcentaje de gente con cada puntuación
Porcentaje por número respondido
Historial de tus puntuaciones
No has intentado esta prueba.